00447pab a2200145 454500008004000000100002400040245010100064260000900165300001400174362000800188650003600196650003400232650001700266773001800283180718b2008 xxu||||| |||| 00| 0 eng d aDash, Satya Prakash aResettlement and rehabilitation in Orissa: a study of the upper Indravati hydro-electric project c2008 ap.661-88. aDec aRehabilitation - India - Orissa aResettlement - India - Orissa aResettlement aSocial Change